| 000 | 02609nam0a2200313 4500 | ||
|---|---|---|---|
| 001 | RU\NLR\bibl\1140292 | ||
| 005 | 20260407165744.0 | ||
| 021 |
_aRU _b2007-60540 _93233 |
||
| 035 | _a(NLR Aleph) 001127156 | ||
| 090 |
_a1334803 _c1334803 |
||
| 100 | _a20071015d2007 |||y0rusy50 ca | ||
| 101 | 0 | _arus | |
| 102 | _aRU | ||
| 105 | _aa ||||||||| | ||
| 200 | 1 | _aСборник трудов XI Пленума Учебно-методического объединения вузов Российской Федерации по образованию в области информационной безопасности и Межрегионального совещания "Стратегия и структура подготовки кадров для обеспечения информационной безопасности - требования работодателей к уровню подготовки специалистов", 12-17 июня 2007 г. | |
| 210 |
_aСамара _cУниверс групп _d2007 |
||
| 215 |
_a171 с. _cил. _d21 |
||
| 320 | _aБиблиогр. в конце отд. тр. | ||
| 320 | _aВ надзаг.: М-во образования и науки Рос. Федерации, Учеб.-метод. об-ние вузов по образованию в обл. информ. безопасности, Ин-т криптографии, связи и информатики Акад. ФСБ России, Учеб.-метод. центр по защите информ. Приволж. федер. окр. [и др.] | ||
| 606 | 1 |
_aОбразование в области информационной безопасности _yРоссийская Федерация _92494641 _3RU\NLR\AUTH\661479953 |
|
| 686 | _aЧ488.752.4(2Р) | ||
| 710 | 0 | 2 |
_aУчебно-методическое объединение вузов России по образованию в области информационной безопасности _cМосква _bПленум _d11 _f2007 _eСамара _3RU\NLR\AUTH\8810105445 _9711220 |
| 711 | 1 | 2 |
_a"Стратегия и структура подготовки кадров для обеспечения информационной безопасности - требования рабртодателей к уровню подготовки специалистов", межрегиональное совещание _f2007 _eСамара _3RU\NLR\AUTH\8810105446 _9711222 |
| 801 | 0 |
_aRU _bNLR _c20071015 _gRCR |
|
| 801 | 1 |
_aRU _bNLR _c20071015 |
|
| 942 | _cBOOK | ||
| 980 | _aNB | ||